Every Song by Mumford & Sons - Statistics

General Stats
  • This quiz has been taken 53 times
  • The average score is 35 of 64
Answer Stats
Album Song % Correct
Babel(2012) I Will Wait
95%
Sigh No More(2009) Little Lion Man
92%
Sigh No More(2009) The Cave
92%
Babel(2012) Babel
89%
Sigh No More(2009) Sigh No More
89%
Delta(2018) Delta
86%
Delta(2018) The Wild
86%
Wilder Mind(2015) Wilder Mind
84%
Delta(2018) Woman
78%
Wilder Mind(2015) Tompkins Square Park
76%
Sigh No More(2009) Awake My Soul
73%
Babel(2012) Hopeless Wanderer
70%
Sigh No More(2009) After the Storm
68%
Sigh No More(2009) Dust Bowl Dance
68%
Sigh No More(2009) Roll Away Your Stone
68%
Sigh No More(2009) Winter Winds
68%
Wilder Mind(2015) Believe
65%
Delta(2018) Guiding Light
65%
Sigh No More(2009) White Blank Page
65%
Babel(2012) Broken Crown
62%
Babel(2012) Lover of the Light
59%
Sigh No More(2009) Thistle & Weeds
59%
Sigh No More(2009) Timshel
59%
Babel(2012) Whispers in the Dark
59%
Wilder Mind(2015) Ditmas
57%
Babel(2012) Lover's Eyes
57%
Wilder Mind(2015) Broad-Shouldered Beasts
54%
Delta(2018) 42
54%
Wilder Mind(2015) Hot Gates
54%
Sigh No More(2009) I Gave You All
54%
Babel(2012) Below My Feet
51%
Babel(2012) Ghosts That We Knew
51%
Delta(2018) October Skies
51%
Wilder Mind(2015) Snake Eyes
51%
Delta(2018) Darkness Visible
49%
Babel(2012) Holland Road
49%
Delta(2018) If I Say
49%
Wilder Mind(2015) Monster
49%
Babel(2012) Not With Haste
49%
Wilder Mind(2015) The Wolf
49%
Non-Album(2019) Blind Leading the Blind
46%
Babel(Bonus)(2012) For Those Below
46%
Non-Album(2024) Good People
46%
Wilder Mind(2015) Just Smoke
46%
Babel(Bonus)(2012) Where Are You Now
46%
Delta(2018) Beloved
43%
Johannesburg(2016) There Will Be Time
43%
Babel(2012) Reminder
41%
Wilder Mind(2015) Only Love
38%
Delta(2018) Picture You
38%
Delta(2018) Rose of Sharon
38%
Delta(2018) Slip Away
38%
Delta(2018) Forever
35%
Wilder Mind(2015) Cold Arms
32%
Sigh No More(Bonus)(2010) Feel the Tide
32%
Johannesburg(2016) Si Tu Veux
32%
Sigh No More(Bonus)(2010) Hold on to What You Believe
30%
Delta(2018) Wild Heart
30%
Love Your Ground(2008) Banjolin Song
27%
Lend Me Your Eyes(2008) Liar
27%
Johannesburg(2016) Fool You've Landed
27%
Johannesburg(2016) Ngamila
27%
Love Your Ground(Hidden)(2008) Sister
27%
Johannesburg(2016) Wona
27%
No matching quizzes found
Score Distribution
Percent of People with Each Score
Percentile by Number Answered
Your Score History
You have not taken this quiz